ბათუმის შოთა რუსთაველის სახელმწიფო უნივერსიტეტის ბიბლიოთეკა

Монтаж котельных устоновок малой и средней мощности. (ბიბ.ჩანაწერი № 37893)

000 -LEADER
fixed length control field 00793nam a2200229Ia 4500
001 - CONTROL NUMBER
control field 3871
003 - CONTROL NUMBER IDENTIFIER
control field GE_BSU
008 - FIXED-LENGTH DATA ELEMENTS--GENERAL INFORMATION
fixed length control field 181216s||||||||xx |||||||||||||| ||und||
040 ## - CATALOGING SOURCE
Transcribing agency GE_BSU
080 ## - UNIVERSAL DECIMAL CLASSIFICATION NUMBER
Universal Decimal Classification number 621.18(035.32)
100 ## - MAIN ENTRY--PERSONAL NAME
Personal name Днепров,Ю.В. Смирнов,Д.Н. Файнштеин,М.С.
245 ## - TITLE STATEMENT
Title Монтаж котельных устоновок малой и средней мощности.
245 ## - TITLE STATEMENT
Remainder of title Учебник.
245 ## - TITLE STATEMENT
Statement of responsibility, etc. Ред.С.Е.Фельдбарг.
250 ## - EDITION STATEMENT
Edition statement изд.2-е перераб.и доп.
260 ## - PUBLICATION, DISTRIBUTION, ETC.
Place of publication, distribution, etc. М.
260 ## - PUBLICATION, DISTRIBUTION, ETC.
Name of publisher, distributor, etc. Высшая школа.
260 ## - PUBLICATION, DISTRIBUTION, ETC.
Date of publication, distribution, etc. 1975.
300 ## - PHYSICAL DESCRIPTION
Extent 312стр.с илл.22см.
653 ## - INDEX TERM--UNCONTROLLED
Uncontrolled term Монтаж котельных устоновок малой и средней мощности.
942 ## - ADDED ENTRY ELEMENTS (KOHA)
Koha item type წიგნი
ეგზემპლარები
Withdrawn status Lost status Damaged status Not for loan Date acquired Barcode Date last seen Price effective from Koha item type
        2018-12-17 9331 2018-12-17 2018-12-17 წიგნი